| 000 | 00907pam a2200277 a 4500 | ||
|---|---|---|---|
| 001 | 622 | ||
| 005 | 20250619155852.0 | ||
| 020 | _a0670200379 | ||
| 040 |
_aDLC _cDLC _dDLC _beng |
||
| 050 | 0 | 0 |
_aPZ7.A2615 _bCab 1982 |
| 082 | 0 | 0 |
_a[Fic] _219 |
| 100 | 1 | _aAdler, David A. | |
| 245 | 1 | 0 |
_aCam Jansen and the mystery of the Babe Ruth baseball / _cDavid A. Adler ; illustrated by Susanna Natti. |
| 260 |
_aNew York : _bScholastic, _c1982. |
||
| 300 |
_a57 pages : _billustrations ; _c22 cm. |
||
| 490 | 1 |
_aA Cam Jansen adventure ; _v6 |
|
| 505 | _aH | ||
| 520 | _aCam uses her photographic memory to identify the person who stole a valuable autographed baseball. | ||
| 521 |
_a500
_bLexile |
||
| 521 | _aH | ||
| 650 | 1 | _aMystery and detective stories. | |
| 650 | 1 |
_aBaseball _xFiction. |
|
| 700 | 1 |
_aNatti, Susanna, _eillustrator |
|
| 906 |
_a7 _bcbc _corignew _d1 _eocip _f19 _gy-gencatlg |
||
| 942 |
_2ddc _cBK _n0 |
||
| 999 |
_c622 _d622 |
||